[Event "Ruhrgebiet VK1 0708"]
[Site "Germany"]
[Date "2008.01.20"]
[Round "5.7"]
[White "Zaschke, Benjamin"]
[Black "Ring, Gregor"]
[Result "1-0"]
[WhiteElo "1979"]
[BlackElo "1937"]
[PlyCount "51"]
[EventDate "2007.09.16"]
[EventType "team"]
[EventRounds "9"]
[EventCountry "GER"]
[SourceTitle "EXT 2009"]
[Source "ChessBase"]
[SourceDate "2008.11.26"]
[SourceVersion "1"]
[SourceVersionDate "2008.11.26"]
[SourceQuality "1"]
[WhiteTeam "Katernberg III"]
[BlackTeam "Welper SV II"]
[WhiteTeamCountry "GER"]
[BlackTeamCountry "GER"]

1. Nf3 Nf6 2. d4 d5 3. c4 c6 4. Nc3 e6 5. Bg5 Be7 6. e3 0-0 7. Bd3 Nbd7 8. 0-0 dxc4 9. Bxc4 Nd5 10. Bxe7 Qxe7 11. Qb3 Nxc3 12. Qxc3 b6 13. Rac1 Bb7 14. Rfd1 Rfd8 15. Be2 Rac8 16. b4 Nf6 17. Qb2 Nd5 18. a3 f6 19. Rd2 Rd7 20. Rdc2 Rdc7 21. g3 Qd6 22. Nd2 Ne7 23. Qb3 g6 24. Ne4 Qd8 25. Qxe6+ Kg7 26. Qxf6+ 1-0

[Event "Ruhrgebiet VK1 0708"]
[Site "Germany"]
[Date "2007.11.04"]
[Round "3.7"]
[White "Roitburd, Marina"]
[Black "Ring, Gregor"]
[Result "1-0"]
[WhiteElo "2036"]
[BlackElo "1937"]
[PlyCount "93"]
[EventDate "2007.09.16"]
[EventType "team"]
[EventRounds "9"]
[EventCountry "GER"]
[SourceTitle "EXT 2009"]
[Source "ChessBase"]
[SourceDate "2008.11.26"]
[SourceVersion "1"]
[SourceVersionDate "2008.11.26"]
[SourceQuality "1"]
[WhiteTeam "Muelheim Nord III"]
[BlackTeam "Welper SV II"]
[WhiteTeamCountry "GER"]
[BlackTeamCountry "GER"]

1. e4 d5 2. exd5 Qxd5 3. d4 c6 4. Nf3 Nf6 5. c4 Qa5+ 6. Bd2 Qd8 7. Bd3 Bg4 8. Bc3 e6 9. Nbd2 Bd6 10. Qb3 Qc7 11. d5 Nbd7 12. dxe6 Bxe6 13. Nd4 Nc5 14. Qc2 Nxd3+ 15. Qxd3 0-0-0 16. Nxe6 Rhe8 17. 0-0-0 Rxe6 18. Qf5 Be5 19. Nf3 Bxc3 20. Ng5 Bxb2+ 21. Kxb2 Rxd1 22. Rxd1 Qe5+ 23. Qxe5 Rxe5 24. Nxf7 Re2+ 25. Kb3 Rxf2 26. Nd6+ Kc7 27. g4 Rxh2 28. g5 Nd7 29. Ne8+ Kd8 30. Nxg7 Ke7 31. Nf5+ Ke6 32. Ng7+ Ke7 33. Nf5+ Kd8 34. Nd4 Rh3+ 35. Kb2 Re3 36. Rh1 Nf8 37. Rf1 Ke8 38. Nf5 Re5 39. Ng7+ Ke7 40. Nf5+ Kd7 41. Nh6 Ng6 42. Ng8 Kc7 43. Rf7+ Kb6 44. Nf6 Rxg5 45. Rxh7 Ne5 46. c5+ Kxc5 47. Ne4+ 1-0

[Event "Bad Woerishofen op 19th"]
[Site "Bad Woerishofen"]
[Date "2003.03.21"]
[Round "9"]
[White "Fries, Werner"]
[Black "Ring, Gregor"]
[Result "0-1"]
[WhiteElo "1612"]
[BlackElo "1978"]
[PlyCount "88"]
[EventDate "2003.03.13"]
[EventType "swiss"]
[EventRounds "9"]
[EventCountry "GER"]
[SourceTitle "CBM 093 Extra"]
[Source "ChessBase"]
[SourceDate "2003.05.09"]
[SourceVersion "1"]
[SourceVersionDate "2003.05.09"]
[SourceQuality "1"]

1. e4 d6 2. Bc4 Nf6 3. Nc3 c6 4. Nf3 b5 5. Bd3 Bg4 6. a3 Nbd7 7. Be2 Nc5 8. d3 e5 9. Be3 Ne6 10. d4 Qc7 11. d5 Bxf3 12. dxe6 Bxe2 13. exf7+ Kxf7 14. Qxe2 Be7 15. f4 Rhf8 16. 0-0 Kg8 17. Rad1 a5 18. Bc1 Rab8 19. b4 axb4 20. axb4 Nd7 21. f5 Nb6 22. Qg4 Nc4 23. Rd3 Bf6 24. Rff3 Rfd8 25. Rh3 Qf7 26. Rdg3 d5 27. Rh5 Qa7+ 28. Kf1 d4 29. Nd1 Qa1 30. Qh3 Qxc1 31. Rd3 Ne3+ 32. Ke2 Nxd1 33. Rxd1 Qxc2+ 34. Ke1 Qxe4+ 35. Kf1 d3 36. Qf3 Qxf3+ 37. gxf3 Rd4 38. Rh3 Rbd8 39. Rg3 h6 40. Rg2 Bg5 41. Ke1 Rxb4 42. Ra2 c5 43. Kf2 c4 44. Kg3 c3 0-1

[Event "Bad Woerishofen op 19th"]
[Site "Bad Woerishofen"]
[Date "2003.03.17"]
[Round "5"]
[White "Deues, Erik"]
[Black "Ring, Gregor"]
[Result "1-0"]
[WhiteElo "2100"]
[BlackElo "1978"]
[PlyCount "35"]
[EventDate "2003.03.13"]
[EventType "swiss"]
[EventRounds "9"]
[EventCountry "GER"]
[SourceTitle "CBM 093 Extra"]
[Source "ChessBase"]
[SourceDate "2003.05.09"]
[SourceVersion "1"]
[SourceVersionDate "2003.05.09"]
[SourceQuality "1"]

1. d4 Nf6 2. c4 d6 3. Nc3 g6 4. e4 Bg7 5. f4 Na6 6. Be2 c5 7. d5 h5 8. Nf3 Bd7 9. Ng5 Nh7 10. Nxh7 Rxh7 11. 0-0 Bd4+ 12. Kh1 Nc7 13. f5 a6 14. fxg6 fxg6 15. e5 Bxe5 16. Qd3 Rg7 17. Bh6 Rg8 18. Qxg6+ 1-0

[Event "Bad Woerishofen op 19th"]
[Site "Bad Woerishofen"]
[Date "2003.03.14"]
[Round "2"]
[White "Ring, Gregor"]
[Black "Schenfeld, Waldemar"]
[Result "1-0"]
[WhiteElo "1978"]
[BlackElo "1462"]
[PlyCount "43"]
[EventDate "2003.03.13"]
[EventType "swiss"]
[EventRounds "9"]
[EventCountry "GER"]
[SourceTitle "CBM 093 Extra"]
[Source "ChessBase"]
[SourceDate "2003.05.09"]
[SourceVersion "1"]
[SourceVersionDate "2003.05.09"]
[SourceQuality "1"]

1. e4 Nf6 2. e5 Ng8 3. Nf3 e6 4. d4 d5 5. Bb5+ c6 6. Bd3 Ne7 7. 0-0 g6 8. Bg5 Bg7 9. Nbd2 Nd7 10. c4 0-0 11. Re1 Re8 12. cxd5 cxd5 13. Rc1 a6 14. Nb3 h6 15. Bh4 Qb6 16. Qd2 Kh7 17. Rc3 Ng8 18. Rec1 Nf8 19. Qf4 Bd7 20. Qxf7 Bc6 21. Bf6 Nxf6 22. exf6 1-0

[Event "Bayern-chI Bank Hofmann 6th"]
[Site "Bad Wiessee"]
[Date "2002.10.26"]
[Round "1"]
[White "Ring, Gregor"]
[Black "Renner, Christoph"]
[Result "0-1"]
[WhiteElo "2006"]
[BlackElo "2414"]
[PlyCount "98"]
[EventDate "2002.10.26"]
[EventType "swiss"]
[EventRounds "9"]
[EventCountry "GER"]
[SourceTitle "EXT 2003"]
[Source "ChessBase"]
[SourceDate "2002.11.25"]
[SourceVersion "1"]
[SourceVersionDate "2002.11.25"]
[SourceQuality "1"]

1. e4 c5 2. Nf3 d6 3. d4 cxd4 4. Nxd4 Nf6 5. Nc3 a6 6. f3 e6 7. Be3 b5 8. Qd2 Nbd7 9. g4 Nb6 10. Qf2 Nfd7 11. f4 Bb7 12. Bg2 Be7 13. 0-0-0 Rc8 14. f5 Bh4 15. Qe2 Rxc3 16. bxc3 Nc4 17. Kb1 Qa5 18. Rd3 0-0 19. Bc1 Bf6 20. Rh3 Na3+ 21. Ka1 Rc8 22. Bb2 Ne5 23. g5 Bxg5 24. fxe6 f6 25. Nf5 h6 26. Nxd6 Rc7 27. Nf5 Nac4 28. e7 Bc6 29. Rd1 Nxb2 30. Kxb2 Nc4+ 31. Ka1 Kh7 32. Rhd3 Qa3 33. Rb1 Bf4 34. Qd1 Be5 35. Rb3 Qa5 36. Nd4 Be8 37. Nf5 Bf7 38. Qg4 g6 39. Ng3 Rxe7 40. h4 h5 41. Qe2 Kg7 42. Nf1 Rc7 43. Ne3 Nxe3 44. Qxe3 b4 45. Rd5 Bxd5 46. exd5 Bxc3+ 47. Kb1 Qc5 48. Qd3 Qg1+ 49. Bf1 Re7 0-1

[Event "Pyramiden Franken Cup 5th"]
[Site "Fuerth"]
[Date "2002.09.03"]
[Round "4"]
[White "Ring, Gregor"]
[Black "Liepold, Stefan"]
[Result "0-1"]
[WhiteElo "2006"]
[BlackElo "2258"]
[PlyCount "66"]
[EventDate "2002.08.31"]
[EventType "swiss"]
[EventRounds "9"]
[EventCountry "GER"]
[SourceTitle "CBM 090 Extra"]
[Source "ChessBase"]
[SourceDate "2002.11.07"]
[SourceVersion "1"]
[SourceVersionDate "2002.11.07"]
[SourceQuality "1"]

1. c4 e5 2. Nc3 Nc6 3. g3 g6 4. Bg2 d6 5. Nf3 Bg7 6. 0-0 Nf6 7. d3 0-0 8. Bg5 h6 9. Bd2 Be6 10. Rc1 Qd7 11. Re1 Bh3 12. Bh1 Ng4 13. Nd5 f5 14. e3 g5 15. Bg2 Bxg2 16. Kxg2 e4 17. Ng1 Nge5 18. dxe4 Nd3 19. exf5 Rxf5 20. Nh3 Nxe1+ 21. Bxe1 Ne7 22. Qg4 Raf8 23. f4 c6 24. e4 Nxd5 25. cxd5 R5f7 26. Qe2 cxd5 27. fxg5 dxe4 28. Qxe4 Re8 29. Qd5 Re2+ 30. Kg1 Qxh3 31. Rc8+ Qxc8 32. g6 Rxe1+ 33. Kg2 Ree7 0-1

[Event "Sauerland Stern Hotel op 1st"]
[Site "Willingen"]
[Date "2001.07.07"]
[Round "4"]
[White "Ring, Gregor"]
[Black "Lingnau, Carsten"]
[Result "0-1"]
[WhiteElo "2016"]
[BlackElo "2423"]
[PlyCount "56"]
[EventDate "2001.07.05"]
[EventType "swiss"]
[EventRounds "9"]
[EventCountry "GER"]
[SourceTitle "EXT 2002"]
[Source "ChessBase"]
[SourceDate "2001.11.25"]
[SourceVersion "1"]
[SourceVersionDate "2001.11.25"]
[SourceQuality "1"]

1. c4 Nf6 2. Nc3 e5 3. g3 Bb4 4. Bg2 0-0 5. Nf3 Nc6 6. d3 e4 7. Ng5 Bxc3+ 8. bxc3 exd3 9. exd3 Re8+ 10. Be3 b6 11. 0-0 Bb7 12. h3 h6 13. Nf3 Ne7 14. Qd2 Ng6 15. Rfe1 c5 16. Rad1 d6 17. Re2 Qd7 18. Kh2 Re7 19. Rde1 Rae8 20. Rd1 Qf5 21. Ne1 Bxg2 22. Nxg2 Qh5 23. Rh1 Ne5 24. Nf4 Qf5 25. Kg2 g5 26. Nd5 Nxd5 27. cxd5 Qf3+ 28. Kg1 Qxd5 0-1

[Event "Bad Woerishofen op 17th"]
[Site "Bad Woerishofen"]
[Date "2001.??.??"]
[Round "4"]
[White "Rolle, Eric"]
[Black "Ring, Gregor"]
[Result "1-0"]
[WhiteElo "2113"]
[BlackElo "1750"]
[PlyCount "53"]
[EventDate "2001.03.15"]
[EventType "swiss"]
[EventRounds "9"]
[EventCountry "GER"]
[SourceTitle "CBM 081 Extra"]
[Source "ChessBase"]
[SourceDate "2001.05.06"]
[SourceVersion "1"]
[SourceVersionDate "2001.05.06"]
[SourceQuality "1"]

1. e4 d6 2. d4 Nf6 3. Nc3 g6 4. Bg5 Bg7 5. Qd2 0-0 6. 0-0-0 c6 7. h4 h5 8. f3 b5 9. Nge2 Nbd7 10. g4 Nb6 11. Ng3 hxg4 12. h5 gxf3 13. h6 Bxh6 14. Bxh6 Re8 15. Bg7 Ng4 16. Bh8 f6 17. Bh3 Kf7 18. Bxg4 Rxh8 19. Bxf3 Bh3 20. Rh2 Nc4 21. Qe2 Rh4 22. Rdh1 Qh8 23. Nh5 Qh6+ 24. Kb1 Nd2+ 25. Qxd2 Qxd2 26. Rxd2 gxh5 27. Rdh2 1-0

[Event "Bad Woerishofen op 16th"]
[Site "Bad Woerishofen"]
[Date "2000.03.24"]
[Round "8"]
[White "Marotzke, Stefan"]
[Black "Ring, Gregor"]
[Result "1-0"]
[WhiteElo "1670"]
[BlackElo "1775"]
[PlyCount "120"]
[EventDate "2000.03.??"]
[EventType "swiss"]
[EventRounds "9"]
[EventCountry "GER"]
[SourceTitle "CBM 075 Extra"]
[Source "ChessBase"]
[SourceDate "2000.05.11"]
[SourceVersion "2"]
[SourceVersionDate "2000.05.11"]
[SourceQuality "1"]

1. d4 Nf6 2. Bg5 e6 3. e4 Be7 4. e5 Nd5 5. Bxe7 Nxe7 6. Bd3 Nbc6 7. Nf3 b6 8. c3 Bb7 9. Nbd2 Nf5 10. Qc2 Nce7 11. 0-0 h5 12. Rad1 Nh6 13. Be4 c6 14. Nc4 Nef5 15. Ne3 g6 16. c4 Ng4 17. Rfe1 Ngxe3 18. fxe3 h4 19. d5 Rc8 20. dxe6 fxe6 21. Bxf5 gxf5 22. e4 f4 23. Qd2 Rf8 24. Nxh4 Rf7 25. Nf3 Qe7 26. Qf2 c5 27. h4 Rf8 28. Ng5 Qg7 29. Qf3 Bc6 30. Qh5+ Ke7 31. Qf3 Qxe5 32. Qd3 Kf6 33. Nh7+ Kg7 34. Nxf8 Rxf8 35. Qe2 Kh6 36. Qg4 Rf7 37. Qg5+ Qxg5 38. hxg5+ Kxg5 39. Rd2 Kg4 40. Rd3 f3 41. Kf2 fxg2+ 42. Kxg2 Rf4 43. Rg3+ Kh5 44. Rh1+ Rh4 45. Rxh4+ Kxh4 46. Re3 Kg4 47. Kf2 Kf4 48. e5 a5 49. Rb3 Kxe5 50. Rxb6 Kd4 51. b3 Kc3 52. a4 Kd2 53. Kg3 e5 54. Ra6 e4 55. Rxa5 e3 56. Rxc5 e2 57. Re5 e1Q+ 58. Rxe1 Kxe1 59. a5 Kd2 60. b4 Kc3 1-0

[Event "Bad Woerishofen op 16th"]
[Site "Bad Woerishofen"]
[Date "2000.03.23"]
[Round "7"]
[White "Ring, Gregor"]
[Black "Schmitzer, Peter"]
[Result "0-1"]
[WhiteElo "1775"]
[BlackElo "2097"]
[PlyCount "98"]
[EventDate "2000.03.??"]
[EventType "swiss"]
[EventRounds "9"]
[EventCountry "GER"]
[SourceTitle "CBM 075 Extra"]
[Source "ChessBase"]
[SourceDate "2000.05.11"]
[SourceVersion "2"]
[SourceVersionDate "2000.05.11"]
[SourceQuality "1"]

1. c4 d6 2. Nc3 g6 3. g3 Bg7 4. Bg2 c6 5. Nf3 Nf6 6. 0-0 0-0 7. d3 e5 8. e4 Na6 9. a3 Nc7 10. b4 Re8 11. Rb1 d5 12. Qc2 d4 13. Ne2 Bd7 14. Nd2 Bg4 15. f3 Be6 16. h3 Nh5 17. Kh2 Rf8 18. c5 f5 19. f4 exf4 20. gxf4 fxe4 21. Nxe4 Nd5 22. Ng5 Nhxf4 23. Nxe6 Nxe6 24. Rxf8+ Qxf8 25. Qc4 Qf6 26. Kg1 Rf8 27. Nf4 Ndxf4 28. Bxf4 Kh8 29. Bg3 Nf4 30. Rf1 g5 31. Qc2 Qe5 32. Re1 Qf5 33. Bxf4 Qxf4 34. Re4 Qg3 35. Qe2 h6 36. Re7 Qf4 37. a4 a6 38. Re4 Qc1+ 39. Kh2 Kh7 40. Re7 Qf4+ 41. Kg1 Kh8 42. Re4 Qc1+ 43. Kh2 a5 44. Re7 Qf4+ 45. Kh1 axb4 46. Rxb7 Be5 47. Be4 Qg3 48. Rh7+ Kg8 49. Rxh6 Rf1+ 0-1

[Event "Bad Woerishofen op 16th"]
[Site "Bad Woerishofen"]
[Date "2000.03.22"]
[Round "6"]
[White "Mossekel, Manfred"]
[Black "Ring, Gregor"]
[Result "0-1"]
[WhiteElo "1655"]
[BlackElo "1775"]
[PlyCount "62"]
[EventDate "2000.03.??"]
[EventType "swiss"]
[EventRounds "9"]
[EventCountry "GER"]
[SourceTitle "CBM 075 Extra"]
[Source "ChessBase"]
[SourceDate "2000.05.11"]
[SourceVersion "2"]
[SourceVersionDate "2000.05.11"]
[SourceQuality "1"]

1. d4 Nf6 2. e3 e6 3. f4 b6 4. Nf3 Bb7 5. Bd3 Be7 6. 0-0 0-0 7. Qe2 c5 8. c3 h6 9. Nbd2 Qc7 10. Ne5 d6 11. Ng4 Nbd7 12. Nxf6+ Nxf6 13. f5 e5 14. dxe5 dxe5 15. e4 Rac8 16. g4 Rfd8 17. h4 Nxg4 18. Qxg4 Rxd3 19. f6 Bf8 20. Nf3 h5 21. Qxh5 Bxe4 22. Nxe5 Bg6 23. Qg5 gxf6 24. Rxf6 Rd5 25. Bf4 Bg7 26. Rxg6 fxg6 27. Qxg6 Rxe5 28. Bxe5 Qxe5 29. Rf1 Rf8 30. h5 Rxf1+ 31. Kxf1 Qf6+ 0-1

[Event "Bad Woerishofen op 16th"]
[Site "Bad Woerishofen"]
[Date "2000.03.17"]
[Round "1"]
[White "Ring, Gregor"]
[Black "Schneider, Richard1111"]
[Result "0-1"]
[WhiteElo "1775"]
[BlackElo "2200"]
[PlyCount "42"]
[EventDate "2000.03.??"]
[EventType "swiss"]
[EventRounds "9"]
[EventCountry "GER"]
[SourceTitle "CBM 075 Extra"]
[Source "ChessBase"]
[SourceDate "2000.05.11"]
[SourceVersion "2"]
[SourceVersionDate "2000.05.11"]
[SourceQuality "1"]

1. e4 c5 2. Nc3 Nc6 3. f4 g6 4. Nf3 Bg7 5. Bc4 e6 6. d3 Nge7 7. e5 d5 8. Bb3 b5 9. a4 b4 10. Nb5 0-0 11. g4 f6 12. Qe2 fxe5 13. fxe5 a6 14. Nd6 Nxe5 15. Nxe5 Qxd6 16. Nf3 e5 17. h3 e4 18. Ng5 Qg3+ 19. Kd1 c4 20. dxc4 Rf2 21. Qe1 Bxg4+ 0-1

[Event "Bochum-ch"]
[Site "Bochum"]
[Date "1998.11.26"]
[Round "7"]
[White "Bergmann, Josef"]
[Black "Ring, Gregor"]
[Result "1-0"]
[WhiteElo "1655"]
[BlackElo "1756"]
[PlyCount "69"]
[EventDate "1998.10.19"]
[EventType "swiss"]
[EventRounds "7"]
[EventCountry "GER"]
[SourceTitle "EXT 2006"]
[Source "ChessBase"]
[SourceDate "2005.11.24"]
[SourceVersion "1"]
[SourceVersionDate "2005.11.24"]
[SourceQuality "1"]

1. f4 Nf6 2. Nf3 c5 3. e3 Nc6 4. b3 e6 5. Bb2 Be7 6. a3 0-0 7. Bd3 d5 8. 0-0 a6 9. Ne5 Qc7 10. Qf3 b5 11. Ng4 Qd8 12. Nc3 Nxg4 13. Qxg4 Bf6 14. Rf3 g6 15. Qg3 Bh4 16. Qh3 e5 17. g4 h5 18. f5 Qg5 19. Qg2 hxg4 20. Rff1 e4 21. Nxe4 dxe4 22. Bxe4 Bxf5 23. Bxc6 Rad8 24. Rad1 Bxc2 25. Bf6 Qh5 26. Bxd8 Bxd1 27. Bxh4 Bf3 28. Bxf3 gxf3 29. Qg5 f2+ 30. Kxf2 Qh8 31. Qf6 Qh5 32. Bg3 Re8 33. Ke1 Qd5 34. Bh4 Re5 35. Qd8+ 1-0